| 000 | 01594cam a22004694i 4500 | ||
|---|---|---|---|
| 003 | PE-LiUPU | ||
| 005 | 20250731173309.0 | ||
| 008 | 150625s1980 nyu rb 000 0 d | ||
| 035 | _a(Sirsi) a36865 | ||
| 040 |
_aPE-LiUPU _bspa _cPE-LiUPU _erda |
||
| 049 | _aPRUA | ||
| 082 | 0 | 4 |
_a220.05 _bUBSTH _221 |
| 100 | 1 |
_aNewman, Barclay Moon, _d1931-, _eautor. |
|
| 245 | 1 | 2 |
_aA translator's handbook on the Gospel of John / _cpor Barclay M. Newman y Eugene A. Nida. |
| 264 | 1 |
_aNew York : _bUnited Bible Society, _c1980. |
|
| 300 |
_a681 páginas ; _c24 centímetros. |
||
| 336 |
_atext _2rdacontent |
||
| 337 |
_aunmediated _2rdamedia |
||
| 338 |
_avolume _2rdacarrier |
||
| 490 | 0 | _aUnited Bible Societies. Translator's Handbook | |
| 504 | _aIncluye bibliografía. | ||
| 505 | 0 | _aEvangelio según San Juan -- Capítulos. | |
| 526 | _aSEG42 | ||
| 526 | _aSEG41 | ||
| 526 | _aSEG40 | ||
| 526 | _aSEG39 | ||
| 526 | _aP94 | ||
| 526 | _aP87 | ||
| 526 | _aP86 | ||
| 526 | _aP85 | ||
| 526 | _aP77 | ||
| 526 | _aP76 | ||
| 526 | _aP35 | ||
| 630 | 0 | 4 |
_aBiblia. _pN.T. _pJuan _xTraducción. |
| 910 |
_cjvm _d20100225 |
||
| 942 |
_2ddc _cBOOK |
||
| 949 |
_a220.05 UBSTH 43 _wDEWEY _c1 _i38603 _lCCODEBUL1 _mBUL _p00.00 _r0 _sY _tBOOK _u2015-06-25 _xTEOLOGIA _zUNKNOWN _0COMPRA _o.STAFF. Colección General |
||
| 994 |
_aC0 _bPEPRU |
||
| 596 | _a1 | ||
| 999 |
_a220.05 UBSTH 43 _wDEWEY _c44984 _i38603 _d44984 _f2021-11-9 _g5 _lCCODEBUL1 _mBUL _p30.00 _q3 _r0 _sY _tBOOK _u2015-6-25 _xTEOLOGIA _PP35 _0COMPRA _o.STAFF. Colección Teología |
||
| 980 |
_81 _gALBERTO SANCHEZ Responsable de Automatización |
||